MARC

LEADER 00000nam0a2200000 4500
001 131466
005 20231031134502.0
010 |a 5110035997 
020 |a RU  |b 91-51244 
035 |a (RuTPU)RU\TPU\book\142390 
090 |a 131466 
100 |a 20080218d1991 k a0rusy5003 ca 
101 0 |a rus 
102 |a UA 
105 |a a z 001zy 
200 1 |a Формообразование сложных поверхностей на станках с ЧПУ  |f С. П. Радзевич 
210 |a Киев  |c Выща школа  |d 1991 
215 |a 192 с.  |c ил. 
320 |a Библиогр.: с. 190-192. 
610 1 |a детали машин 
610 1 |a формообразование 
610 1 |a сложные поверхности 
610 1 |a станки 
610 1 |a ЧПУ 
610 1 |a обработка 
610 1 |a металлорежущие станки 
610 1 |a эксплуатация 
675 |a 621.9.06-529.004  |v 3 
700 1 |a Радзевич  |b С. П.  |g Степан Павлович 
801 0 |a RU  |b RuMRKP  |c 19950417  |g psbo 
801 1 |a RU  |b 63413507  |c 20080218  |g PSBO 
801 2 |a RU  |b 63413507  |c 20090119  |g PSBO 
942 |c BK